书目信息 |
| 题名: |
橡胶化学
|
|
| 作者: | 布赖德森 著 ;王梦蛟 译 | |
| 分册: | ||
| 出版信息: | 北京 化学工业出版社 1985.6 |
|
| 页数: | 438页 | |
| 开本: | 21cm | |
| 丛书名: | ||
| 单 册: | ||
| 中图分类: | TQ33 | |
| 科图分类: | ||
| 主题词: | 橡胶工业 | |
| 电子资源: | ||
| ISBN: | ||
| 000 | 00533nam0 2200193 45 | |
| 001 | 0181011308 | |
| 005 | 20051213100256.73 | |
| 010 | @dCNY2.60 | |
| 100 | @a20810111d km y0chiy0120 ea | |
| 101 | 0 | @achi |
| 200 | 1 | @a橡胶化学@Axiang jiao hua xue@f(英)J·A·布赖德森著@Fbu lai de sen@g王梦蛟等译 |
| 210 | @a北京@c化学工业出版社@d1985.6 | |
| 215 | @a438页@d21cm | |
| 606 | 0 | @a橡胶工业 |
| 690 | @aTQ33 | |
| 701 | 0 | @a布赖德森@Abu lai de sen@4著 |
| 702 | 0 | @a王梦蛟@4译 |
| 801 | @aCN@bTSTC@c20051213 | |
| 905 | @dTQ33@e4@f2@b139130-31 | |
| 橡胶化学/(英)J·A·布赖德森著/王梦蛟等译.-北京:化学工业出版社,1985.6 |
| 438页;21cm |
| ISBN :CNY2.60 |
| ● |
| 相关链接 |
|
|
|
|
正题名:橡胶化学
索取号:TQ33/4
 
预约/预借
| 序号 | 登录号 | 条形码 | 馆藏地/架位号 | 状态 | 备注 |
| 1 | 0139130 | 202164415 | 密集书库/ [索取号:TQ33/4] | 在馆 |